Score 0/25 Timer 07:00
3 Plays Today
% Correct
Kill
98.3%
Color
96.9%
Uncle
95.7%
Caged
93.9%
Cafeteria
93.6%
Birmingham
91%
Autobiography
91%
Amazing
90.9%
Time
88.8%
Thunder
88.4%
More
87.6%
Between
86.6%
Bluest
83.1%
% Correct
Like
82.6%
Man
82.6%
Matters
82%
Jim
81.9%
Dying
81.1%
Confessions
75.1%
Boy
70.6%
Maniac
63.6%
Fire
61.4%
Souls
60.8%
Short
60%
Up
58%
Remove Ads.
Support Sporcle.
Get the best of Sporcle when you Go Orange. This ad-free experience offers more features, more stats, and more fun while also helping to support Sporcle. Thank you for becoming a member.

You're not logged in!

Compare scores with friends on all Sporcle quizzes.
OR
Log In

Show Comments

Extras

Top Quizzes Today


Score Distribution

Your Account Isn't Verified!

In order to create a playlist on Sporcle, you need to verify the email address you used during registration. Go to your Sporcle Settings to finish the process.

Report this User

Report this user for behavior that violates our Community Guidelines.

Details: